000 01190nam a2200325 i 4500
001 000026321
003 DO-SdBNP
005 20260528131524.0
007 ta
008 110312s1999 dr ac 000 0dspa d
040 _aDO-SdBNP
_bspa
_cBNPHU
_erda
041 _aspa
082 4 _a972.93
_bZ12t
_222
100 1 _aZabala, Roque,
_d1954-
_eautor
_4aut.
_943099
245 1 3 _aLa Trinitaria y sus fundadores /
_cRoque Zabala.
250 _aprimera edición
264 1 _aSanto Domingo, República Dominicana :
_bEl Nuevo Diario,
_c1999.
300 _a209 páginas :
_bilustraciones, retratos ;
_c21 cm.
336 _atexto
_btxt
_2rdacontent
337 _asin mediación
_bn
_2rdamedia
338 _avolumen
_bnc
_2rdacarrier
500 _aIncluye datos biográfico del autor en la contracubierta.
504 _aBibliografía: páginas 207-208.
590 _aInventariado, 2020/BT
610 2 4 _aLa Trinitaria (Sociedad Política de la República Dominicana)
_910481
651 4 _aRepública Dominicana
_xHistoria
_y1844-1930
_91009
651 4 _aRepública Dominicana
_xHistoria
_yOcupación Haitiana, 1822-1844
_97666
910 _aValidado. Control de calidad EMS
942 _2ddc
_cLBS1
999 _c25813
_d25813